000 00540nam a22002057a 4500
005 20241126152416.0
008 241126b |||||||| |||| 00| 0 eng d
020 _a0195660358
_cRs.2599.00
040 _aLoreto College
041 _aEnglish
082 _a320.954
_bCOH
100 _aCohen,Stephen P.
245 _aEmerging power India
_cStephen P.Cohen
260 _aNew Delhi
_bOxford University Press
_c2001
300 _axxii,377p
_b22cm
504 _aIncludes index
650 _aPolitics
_zIndia
850 _aLCLIB
942 _cBK
999 _c43906
_d94385